La caída del Imperio Romano
Saved in:
| Hovedforfatter: | |
|---|---|
| Format: | Bog |
| Sprog: | spansk |
| Udgivet: |
Barcelona, España
Martínez Roca
1970
|
| Serier: | Pensamiento e Historia
|
| Fag: | |
| Tags: |
Tilføj Tag
Ingen Tags, Vær først til at tagge denne postø!
|
MARC
| LEADER | 00000cam a2200000 a 4500 | ||
|---|---|---|---|
| 001 | UCF8031 | ||
| 003 | CL-VaPUC | ||
| 005 | 20241014131059.0 | ||
| 008 | 130725e19700000SP |||||||||||||||||spa|d | ||
| 999 | |c 352715 |d 352713 | ||
| 040 | |c Pontificia Universidad Católica de Valparaíso | ||
| 082 | 0 | 4 | |a 937 BUE 1970 |2 21 |
| 100 | 0 | |a Bueno, José |9 570112 | |
| 245 | 1 | 3 | |a La caída del Imperio Romano |
| 260 | 0 | 3 | |a Barcelona, España |b Martínez Roca |c 1970 |
| 300 | |a 354 páginas | ||
| 490 | 0 | |a Pensamiento e Historia | |
| 583 | |a last modification |c 20130725 12:05:00 |k Rodrigo Vera | ||
| 650 | 0 | |a Imperio Romano |9 322785 | |
| 650 | 0 | |a Historia de Roma |9 315349 | |
| 942 | |c BK |2 ddc | ||
| 945 | |d 20130725 00:00:00 |a cmena | ||
| 952 | |0 0 |1 0 |2 ddc |4 0 |6 937_000000000000000_BUE_1970 |7 0 |8 A |9 457323 |a BIBHIS |b BIBHIS |d 2019-11-22 |i 4957318 |o 937 BUE 1970 |p 4957318 |r 2025-01-20 |t 1 |w 2019-11-22 |y BK |k HIS | ||